• 首页
  • 本馆介绍
  • 公告通知
  • 最新文献
  • 馆藏检索
  • 电子资源
  • 读者导购
  • 参考咨询
  • 我的图书馆
  • 登录
  • 详细信息显示
  • 放入我的书架
  • 预约/预借图书
  • 作者相关作品
  • 分类相关作品
  • 丛书相关作品
  • 出版社相关作品

书目信息

  • 表格格式
  • 工作单格式
  • 卡片格式
题名:
智永真草千字文临习技法精解
    
 
作者: 白龙 编著
分册:  
出版信息: 郑州   中州古籍出版社  2020.6
页数: 93页
开本: 34cm
丛书名: 历代名家碑帖临习技法精解
单 册:
中图分类: J292.113.4 , J292.11
科图分类:
主题词: 草书--书法
电子资源:
ISBN: 978-7-5348-5893-2
000 01134nam 2200277 45
001 012001001054
005 20130910133524.0
010    @a978-7-5348-5893-2@dCNY32.00
099    @aCAL 012017167695
100    @a20160824d2016 em y0chiy0110 ea
101 0  @achi
102    @aCN@b410000
105    @ay z 000yy
106    @ar
200 1  @a智永真草千字文临习技法精解@Azhi yong zhen cao qian zi wen lin xi ji fa jing jie@f白龙编著
210    @a郑州@c中州古籍出版社@d2020.6
215    @a93页@d34cm
225 2  @a历代名家碑帖临习技法精解@ALi Dai Ming Jia Bei Tie Lin Xi Ji Fa Jing Jie
330    @a本册选取智永的《真草千字文》。智永,隋唐之间僧人,生卒年不详,名法极,俗姓王氏,是王羲之的第七代孙。居山阴永欣寺,人称“永禅师”。《真草千字文》是智永传世书法代表作,有着丰富的线条变化和强烈的意趣表现性。法度谨严,笔力精到,或字字区别,个个独立;或映带相关,连绵一气。然皆下笔有源,使转有法。
461  0 @12001 @a历代名家碑帖临习技法精解
606 0  @a草书@x书法
690    @aJ292.113.4@v5
690    @aJ292.11@v5
701  0 @a白龙@Abai long@4编著
801    @aCN@b江苏凤凰@c20211018
905    @b1342024-7@dJ292.113.4@e697@f4
    
    智永真草千字文临习技法精解/白龙编著.-郑州:中州古籍出版社,2020.6
    93页;34cm.-(历代名家碑帖临习技法精解)
    
    
    ISBN 978-7-5348-5893-2:CNY32.00
    本册选取智永的《真草千字文》。智永,隋唐之间僧人,生卒年不详,名法极,俗姓王氏,是王羲之的第七代孙。居山阴永欣寺,人称“永禅师”。《真草千字文》是智永传世书法代表作,有着丰富的线条变化和强烈的意趣表现性。法度谨严,笔力精到,或字字区别,个个独立;或映带相关,连绵一气。然皆下笔有源,使转有法。
●
相关链接 在E读中查询图书 在五车中查询图书 在当当中查询图书 在豆瓣中查询图书


正题名:智永真草千字文临习技法精解     索取号:J292.113.4/697         预约/预借

序号 登录号 条形码 馆藏地/架位号 状态 备注
1 1342024   213420243   第一样本阅览室/ [索取号:J292.113.4/697] 在馆    
2 1342025   213420252   第一借阅区/ [索取号:J292.113.4/697] 在馆    
3 1342026   213420261   第一借阅区/ [索取号:J292.113.4/697] 在馆    
4 1342027   213420270   第一借阅区/ [索取号:J292.113.4/697] 在馆    
唐山师范学院图书馆 欢迎您!
大连网信软件有限公司© 版权所有